000 00294nam a2200133Ia 4500
008 190216s9999||||xx |||||||||||||| ||und||
100 _aSekhar. Kc
245 0 _aBanking
250 _a2nd Ed.
260 _bKerala Bhasha Institute
_c1981
300 _a694
650 _aEconomics
942 _cBK
999 _c40397
_d40397